Química Básica: química geral, 1

Wedi'i Gadw mewn:
Manylion Llyfryddiaeth
Prif Awdur: Gallo Netto, Carmo (Awdur)
Fformat: Llyfr
Iaith:Portiwgaleg
Cyhoeddwyd: Sao Paulo Scipione 1989
Pynciau:
Tagiau: Ychwanegu Tag
Dim Tagiau, Byddwch y cyntaf i dagio'r cofnod hwn!

MARC

LEADER 00000nam a2200000 a 4500
001 UCH6470
003 CL-VaPUC
008 091109e19890000BL |||||||||||||||||por|d
020 |a 8526215094 
082 0 4 |a 540  |b GAL  |2 21 
100 |a Gallo Netto, Carmo  |e author  |9 543018 
245 1 0 |a Química Básica: química geral, 1 
300 |a 287 p 
942 |c BK 
945 |d 20091109 00:00:00  |a ccalabra 
260 |a Sao Paulo  |b Scipione  |c 1989 
650 0 |a Educación  |9 258661 
650 0 |a Química  |9 259896 
650 7 |a CIENCIAS EXACTAS  |2 CL-VaPUC  |9 543019 
650 0 |a Química inorgánica  |9 260154 
650 0 |a Química orgánica   |9 259426 
650 0 |a Átomos  |9 259583 
650 7 |a CIENCIAS APLICADAS  |2 CL-VaPUC  |9 360599 
583 |a last modification  |c 20091109 00:00:00  |k Rodrigo Vera 
999 |c 337351  |d 337349